Name A Five-Letter Country A-Z - Statistics

General Stats
  • This quiz has been taken 335 times
    327 since last reset
  • The average score is 15 of 16
Answer Stats
Letter Country % Correct
Q Qatar
99%
I India | Italy
98%
Y Yemen
98%
H Haiti
97%
J Japan
97%
N Nauru | Nepal | Niger
97%
S Samoa | Spain | Sudan | Syria
97%
G Gabon | Ghana
93%
C Chile | China
92%
E Egypt
88%
P Palau
88%
T Tonga
87%
K Kenya
86%
B Benin
84%
L Libya
84%
M Malta
76%
No matching quizzes found
Score Distribution
Percent of People with Each Score
Percentile by Number Answered
Your Score History
You have not taken this quiz since the last reset